000
00290nam a2200121Ia 4500
008
241014s9999||||xx |||||||||||||| ||und||
020
_a
81-261-2723-6
100
_a
Tyagi,Darshna
245
0
_a
Medical Anthropology
260
_b
Anmol Publications
_c
2006
300
_a
369
942
_b
ION
_c
BK
999
_c
18478
_d
18478